Marki autobusów i trolejbusów. Historyczne i współczesne - Statystyki

Ogólne statystyki
  • Ten quiz został rozwiązany 317 razy
  • Średni wynik to 22 z 136
Statystyki odpowiedzi
Lp Typ Odpowiedź % Poprawnych
88 Autobus Solaris Bus & Coach
85%
119 Trolejbus Solaris Bus & Coach
85%
54 Autobus MAN SE
84%
113 Trolejbus MAN SE
84%
58 Autobus Mercedes-Benz
78%
115 Trolejbus Mercedes-Benz
78%
24 Autobus East Lancashire Coachbuilders
76%
101 Autobus Volvo AB
63%
122 Trolejbus Volvo AB
63%
7 Autobus Autosan
62%
39 Autobus Ikarus
58%
109 Trolejbus Ikarus
58%
86 Autobus Scania
57%
44 Autobus Jelcz
45%
111 Trolejbus Jelcz
45%
43 Autobus Iveco
37%
57 Autobus MAZ
37%
114 Trolejbus MAZ
37%
89 Autobus Solbus
37%
87 Autobus Setra
36%
118 Trolejbus Škoda Transportation
34%
62 Autobus Neoplan
33%
116 Trolejbus Neoplan
33%
78 Autobus Renault
29%
21 Autobus DAF Trucks
26%
26 Autobus FIAT
26%
108 Trolejbus FIAT
26%
98 Autobus Ursus Bus
26%
120 Trolejbus Ursus Bus
26%
42 Autobus Isuzu
25%
83 Autobus San
25%
90 Autobus SOR Libchavy
25%
47 Autobus Karosa
20%
40 Autobus Irisbus
19%
110 Trolejbus Irisbus
19%
99 Autobus Van Hool
19%
121 Trolejbus Van Hool
19%
28 Autobus Ford Motor Company
18%
53 Autobus LiAZ
17%
96 Autobus Toyota
17%
51 Autobus LAZ
14%
112 Trolejbus LAZ
14%
22 Autobus Dansk Automobil Byggeri (DAB)
13%
37 Autobus Hyundai Motor Company
13%
100 Autobus VDL Bus & Coach
13%
2 Autobus AMZ-Kutno
12%
20 Autobus Daewoo Bus
12%
38 Autobus Ikarbus
12%
46 Autobus Kapena
12%
71 Autobus PAZ
12%
10 Autobus Berliet
11%
105 Trolejbus Berliet
11%
92 Autobus Tata Motors
11%
94 Autobus Temsa
11%
128 Autobus Temsa
11%
12 Autobus Brockway Motor Company (BMC)
10%
41 Autobus Irizar
10%
137 Autobus Yutong
10%
6 Autobus Automet
9%
50 Autobus Kia Motors
9%
64 Autobus Nissan
9%
130 Autobus Bova
8%
84 Autobus Sanos
8%
1 Autobus Alexander Dennis
7%
3 Autobus Ashok Leyland
7%
5 Autobus Auto Rad Controlle
7%
52 Autobus Leyland Motors
7%
95 Autobus Tovarna avtomobilov Maribor (TAM)
7%
11 Autobus Bogdan
6%
17 Autobus Chausson
6%
31 Autobus GMC
6%
33 Autobus Gräf & Stift
6%
85 Autobus Saurer
6%
117 Trolejbus Saurer
6%
4 Autobus Associated Equipment Company (AEC)
5%
104 Trolejbus Associated Equipment Company (AEC)
5%
9 Autobus Avia - Aeronautica Industrial
5%
124 Autobus Chevrolet
5%
19 Autobus Czawdar
5%
32 Autobus GołAZ
5%
34 Autobus Güleryüz
5%
35 Autobus Heuliez Bus
5%
55 Autobus Marcopolo
5%
132 Autobus Mitsubishi
5%
70 Autobus Otoyol
5%
82 Autobus Roman
5%
93 Autobus Tedom
5%
102 Autobus Wołżanin
5%
123 Autobus Ził
5%
8 Autobus Avia
4%
15 Autobus Carrocera Castrosua
4%
136 Autobus HINO
4%
36 Autobus Hino Motors
4%
49 Autobus KAwZ
4%
61 Autobus NefAZ
4%
63 Autobus Nieman
4%
68 Autobus Optare
4%
72 Autobus Pegaso
4%
80 Autobus Robur
4%
81 Autobus Rocar
4%
13 Autobus Büssing
3%
23 Autobus Datsun
3%
134 Autobus King
3%
69 Autobus Orion International
3%
106 Trolejbus Biełkommunmasz
2%
18 Autobus Contrac
2%
25 Autobus Fabrika automobila Priboj (FAP)
2%
27 Autobus Foden
2%
30 Autobus Fritz Fleischer KG
2%
56 Autobus MÁVAG
2%
65 Autobus Noge
2%
67 Autobus Nova Bus
2%
73 Autobus Plaxton
2%
75 Autobus Prevost
2%
79 Autobus RoAZ
2%
103 Autobus Wrightbus
2%
126 Autobus Blue Bird
1%
14 Autobus Car et Bus du Mans (CBM)
1%
29 Autobus Girón
1%
125 Autobus International
1%
45 Autobus Kaisis Motor Company (KMC)
1%
48 Autobus Kauno Autobusų Gamykla (KAG)
1%
59 Autobus Merkavim
1%
60 Autobus Metro Cammell Weymann (MCW)
1%
66 Autobus North American Bus Industries (NABI)
1%
74 Autobus Praga
1%
76 Autobus Rába
1%
77 Autobus Rafako
1%
129 Autobus Thomas
1%
97 Autobus Tvornica autobusa Zagreb (TAZ)
1%
16 Autobus Carrosserie Hess
0%
107 Trolejbus Carrosserie Hess
0%
131 Autobus Dongfeng
0%
127 Autobus Freightliner
0%
135 Autobus Gillig
0%
91 Autobus Steyr-Daimler-Puch
0%
Nie znaleziono quizów pasujących do podanych kryteriów
Rozkład punktacji
Procent ludzi z każdym wynikiem
Percentyl według liczby udzielonych odpowiedzi
Twoja historia wyników
Nie rozwiązałeś tego quizu